Catalog

Record Details

Catalog Search



Available copies

  • 1 of 1 copy available at LARL/NWRL Consortium.
  • 1 of 1 copy available at Northwest Regional Library. (Show preferred library)

Current holds

0 current holds with 1 total copy.

Show Only Available Copies
Location Call Number / Copy Notes Barcode Shelving Location Status Due Date
Roseau Public Library DVD STA (Text) 35500003971411 Main Available -

Record details

  • ISBN: 0792179994 (set)
  • ISBN: 9780792179993 (set)
  • Physical Description: 1 videodisc (166 min.) : sd., col. ; 4 3/4 in.
  • Publisher: United States : Paramount Home Entertainment, 2002

Content descriptions

General Note:
Title from container.
Originally aired on television in 1989.
Formatted Contents Note:
The schizoid man -- Loud as a whisper -- Unnatural ... Read More
Participant or Performer Note:
Patrick Stewart, Jonathan Frakes, Brent Spiner, ... Read More
Summary, etc.:
Collects the original broadcast episodes from the ... Read More
Target Audience Note:
MPAA rating: Not rated.
System Details Note:
DVD, region 1, full screen presentation; Dolby ... Read More
Language Note:
English subtitles available; closed-captioned.
Subject: Picard, Jean Luc (Fictitious character) > Drama.
Interstellar travel > Drama.
Genre: DVDs.
Science fiction television programs > United States.
Video recordings for the hearing impaired.
LDR 02229cgm a2200529Ka 4500
00176132
003LARL_NWRL_CONSORTIUM
00520070123110903.0
007vd cgaizq
008040825p20021989xxu166 g vleng d
020 . ‡a0792179994 (set)
020 . ‡a9780792179993 (set)
0241 . ‡a097361569048 (set)
035 . ‡a(OCoLC)56351383
037 . ‡bMidwest Tapes ‡nhttp://www.midwesttapes.com
040 . ‡aTEFMT ‡cTEFMT ‡dRCS ‡dNRG
08204. ‡a791.45/75 ‡222
24500. ‡aStar trek, the next generation. ‡nSeason 2 [disc 2] ‡h[DVD/videorecording] / ‡cParamount Pictures.
260 . ‡aUnited States : ‡bParamount Home Entertainment, ‡c2002
300 . ‡a1 videodisc (166 min.) : ‡bsd., col. ; ‡c4 3/4 in.
538 . ‡aDVD, region 1, full screen presentation; Dolby Digital.
546 . ‡aEnglish subtitles available; closed-captioned.
500 . ‡aTitle from container.
5111 . ‡aPatrick Stewart, Jonathan Frakes, Brent Spiner, Michael Dorn, LeVar Burton, Marina Sirtis, Wil Wheaton, Whoopi Goldberg, Diana Muldaur.
500 . ‡aOriginally aired on television in 1989.
5218 . ‡aMPAA rating: Not rated.
520 . ‡aCollects the original broadcast episodes from the second season of Star trek, the next generation. Contains episodes 131-134.
5050 . ‡aThe schizoid man -- Loud as a whisper -- Unnatural selection -- A matter of Honor.
650 0. ‡aPicard, Jean Luc (Fictitious character) ‡vDrama.
650 0. ‡aInterstellar travel ‡vDrama.
655 0. ‡aDVDs.
655 0. ‡aScience fiction television programs ‡zUnited States.
655 0. ‡aVideo recordings for the hearing impaired. ‡0(LARL_NWRL_CONSORTIUM)175744
7001 . ‡aStewart, Patrick, ‡d1940- ‡0(LARL_NWRL_CONSORTIUM)78693
7001 . ‡aFrakes, Jonathan. ‡0(LARL_NWRL_CONSORTIUM)105173
7001 . ‡aSpiner, Brent. ‡0(LARL_NWRL_CONSORTIUM)140763
7001 . ‡aDorn, Michael, ‡d1952- ‡0(LARL_NWRL_CONSORTIUM)142725
7001 . ‡aBurton, LeVar. ‡0(LARL_NWRL_CONSORTIUM)53771
7001 . ‡aSirtis, Marina, ‡d1960- ‡0(LARL_NWRL_CONSORTIUM)118478
7001 . ‡aWheaton, Wil. ‡0(LARL_NWRL_CONSORTIUM)143301
7001 . ‡aGoldberg, Whoopi, ‡d1950- ‡0(LARL_NWRL_CONSORTIUM)84667
7001 . ‡aMuldaur, Diana. ‡0(LARL_NWRL_CONSORTIUM)207150
7102 . ‡aParamount Pictures Corporation. ‡0(LARL_NWRL_CONSORTIUM)57097
7102 . ‡aParamount Home Entertainment (Firm) ‡0(LARL_NWRL_CONSORTIUM)210140
901 . ‡a76132 ‡bOCLC ‡c76132 ‡tbiblio

Additional Resources